000
00311nam a22001337a 4500
008
180919b xxu||||| |||| 00| 0 eng d
020
_a
9780787943066
041
_a
eng
080
_a
159.9
100
_a
49
101
_a
PSI
245
_a
Ethics Psychotherapy And Counseling
_c
Pope.K.S
942
_2
udc
_c
BK
999
_c
48027
_d
48027